000 nam a22 7a 4500
999 _c47528
_d47528
003 OSt
005 20190513141542.0
008 190513b xxu||||| |||| 00| 0 eng d
040 _cIIMT COLLEGE OF ENGINEERING,GREATER NOIDA
100 _aTIAN,JEFF
245 _aSOFTWARE QUALITY ENGINEERING,GREATER NOIDA
260 _aNEW DELHI
_bWILEY
_c2012
300 _a412
942 _2ddc
_c02